[Event "AUTO-OPEN-4619"]
[Site "http://www.queenalice.com/game.php?id=1864235"]
[Date "2025.10.13"]
[Round "1"]
[White "Eder_Dionatan_Silva_Machado"]
[Black "AndreTheFrog"]
[Result "0-1"]
[WhiteElo "1740"]
[BlackElo "1742"]

1. e4 e5 2. Nf3 Nc6 3. Bb5 a6 4. Ba4 b5 5. Bb3 Nf6 6. O-O Bc5 7. c3 O-O 8. d4
exd4 9. Bg5 d6 10. a3 Re8 11. Bd5 Qd7 12. cxd4 Nxd5 13. Nc3 Nxc3 14. bxc3 Bb6
15. Re1 h6 16. Bf4 Qg4 17. Bg3 Rxe4 18. h3 Rxe1+ 19. Qxe1 Qe6 20. Qd2 Bd7 21.
Re1 Qc4 22. Bf4 Re8 23. Rxe8+ Bxe8 24. Qe3 Qe6 25. Qd3 Bd7 26. g4 Ne7 27. g5
Qxh3 28. Ne1 Qg4+ 29. Ng2 Bc6 30. gxh6 Qxg2# 0-1

[Event "AUTO-ADV-4898"]
[Site "http://www.queenalice.com/game.php?id=1864263"]
[Date "2025.10.14"]
[Round "1"]
[White "Zeca1955"]
[Black "AndreTheFrog"]
[Result "0-1"]
[WhiteElo "1926"]
[BlackElo "1698"]

1. d4 f5 2. e3 Nf6 3. Nh3 g6 4. Bd3 Bg7 5. Bc4 d5 6. Bb3 O-O 7. O-O Nc6 8. c4 e6
9. a3 a6 10. Nc3 Rb8 11. Nf4 Re8 12. c5 b5 13. cxb6 cxb6 14. h3 Bd7 15. Qe2 b5
16. Bc2 e5 17. Nfxd5 exd4 18. Qf3 dxc3 19. Nxc3 Ne5 20. Qe2 b4 21. axb4 Bb5 22.
Nxb5 axb5 23. Ra5 Qd7 24. Bb3+ Nc4 25. Rd1 Qc7 26. Ra2 Kh8 27. Bc2 Rbd8 28. b3
Ne5 29. Bb2 Rxd1+ 30. Bxd1 Rd8 31. Bxe5 Qxe5 32. Rd2 Rxd2 33. Qxd2 Qd5 34. Qc2
Ne4 35. Bf3 h5 36. h4 Kh7 37. g3 Qe5 38. Kg2 Bf8 39. Be2 Bd6 40. f4 Qc3 41. Qxc3
Nxc3 42. Bf3 Bxb4 43. Bc6 Bc5 44. Kf3 Kg7 45. e4 fxe4+ 46. Bxe4 Nxe4 47. Kxe4
Kf6 48. Kf3 Kf5 49. Kg2 Kg4 50. Kh2 Bf2 51. f5 Bxg3+ 52. Kg2 gxf5 0-1

[Event "AUTO-ADV-4898"]
[Site "http://www.queenalice.com/game.php?id=1864264"]
[Date "2025.10.14"]
[Round "1"]
[White "AndreTheFrog"]
[Black "Zeca1955"]
[Result "0-1"]
[WhiteElo "1659"]
[BlackElo "1897"]

1. e4 e5 2. Nf3 d6 3. Nc3 a6 4. Bd3 Nf6 5. O-O Bg4 6. a3 Be7 7. b4 O-O 8. Bb2 c6
9. h3 Be6 10. Re1 h6 11. Ne2 Nbd7 12. c4 c5 13. Bc3 Nb6 14. a4 Bxc4 15. Bxc4
Nxc4 16. a5 Nxe4 17. d3 Nxc3 18. Nxc3 cxb4 19. dxc4 bxc3 20. Re3 Bf6 21. Rd3 c2
22. Qd2 Qe7 23. Re1 Rac8 24. Rxd6 Rxc4 25. Rc1 Rfc8 26. Rd7 Qe8 27. Ne1 Bg5 28.
Rd8 Rxd8 29. Rxc2 Bxd2 30. Rxc4 Qb5 0-1

[Event "AUTO-ADV-4898"]
[Site "http://www.queenalice.com/game.php?id=1864273"]
[Date "2025.10.14"]
[Round "1"]
[White "AndreTheFrog"]
[Black "Carlos19"]
[Result "0-1"]
[WhiteElo "1719"]
[BlackElo "1718"]

1. e4 e5 2. Nf3 Nc6 3. Bb5 Bd6 4. O-O a6 5. Ba4 Nf6 6. Nc3 Bb4 7. a3 Bxc3 8.
bxc3 h6 9. Re1 b5 10. Bb3 O-O 11. Bb2 a5 12. d4 d6 13. d5 Ne7 14. Qe2 Ba6 15. c4
b4 16. c3 bxc3 17. Bxc3 c6 18. Qd2 Bb7 19. Rad1 a4 20. Ba2 c5 21. h3 Ng6 22. Rb1
Ra7 23. Qc1 Nf4 24. Re3 Bc8 25. Nh4 Rb7 26. Nf5 Rxb1 27. Bxb1 Bxf5 28. exf5 Qd7
29. Bc2 N4h5 30. Bd1 Qxf5 31. g4 Qg5 32. Bd2 Nf4 33. Rf3 Ne4 34. Bxf4 Qh4 35.
Bd2 Nxd2 36. Qxd2 e4 37. Rg3 Rb8 38. Kg2 Qg5 39. Qxg5 hxg5 40. Bxa4 Ra8 41. Bc6
Rb8 42. a4 Rb4 43. Bb5 g6 44. Re3 f5 45. gxf5 gxf5 46. a5 Rb2 0-1

[Event "AUTO-ADV-4898"]
[Site "http://www.queenalice.com/game.php?id=1864274"]
[Date "2025.10.14"]
[Round "1"]
[White "Carlos19"]
[Black "AndreTheFrog"]
[Result "1-0"]
[WhiteElo "1701"]
[BlackElo "1736"]

1. e4 e5 2. Nf3 Nc6 3. Bc4 Nf6 4. d3 Bc5 5. h3 O-O 6. Bg5 h6 7. Bxf6 Qxf6 8. O-O
a6 9. a3 b5 10. Bd5 Rb8 11. Nc3 Ne7 12. Ba2 c6 13. b4 Ba7 14. a4 d5 15. axb5
axb5 16. Bxd5 Nxd5 17. exd5 e4 18. Nxe4 Qe7 19. d6 Qb7 20. Nc5 Bxc5 21. bxc5 Re8
22. Re1 Bd7 23. Rxe8+ Rxe8 24. Qd2 b4 25. Re1 Rxe1+ 26. Nxe1 b3 27. cxb3 Qxb3
28. Qc2 Qxc2 29. Nxc2 f5 30. f4 Kf7 31. d4 Ke6 32. g3 Kd5 33. Kf2 Kc4 34. Ke2
Kc3 35. Kd1 Kd3 36. h4 g6 37. Kc1 Ke4 38. Kd2 Kf3 39. Nb4 Kxg3 40. Nd3 Be8 41.
Ke3 Kxh4 42. Ne5 g5 43. fxg5 Kxg5 44. d7 f4+ 45. Kf3 Bxd7 46. Nxd7 h5 47. Ne5 h4
48. Ng4 1-0

[Event "AUTO-INT-3951"]
[Site "http://www.queenalice.com/game.php?id=1865477"]
[Date "2025.11.12"]
[Round "1"]
[White "Jomaley"]
[Black "AndreTheFrog"]
[Result "0-1"]
[WhiteElo "1449"]
[BlackElo "1774"]

1. e4 e5 2. Bc4 Nf6 3. d3 Nc6 4. g4 d6 5. Bg5 Bxg4 6. Bxf6 Bxd1 7. Bxd8 Rxd8 8.
Kxd1 a6 9. Nc3 b5 10. Bb3 Be7 11. Nd5 Rd7 12. c3 Bg5 13. a4 O-O 14. axb5 axb5
15. Nf3 h6 16. h4 Bf4 17. Ra6 Ne7 18. Ra7 Nxd5 19. Bxd5 Rb8 20. Bc6 Re7 21. Bd5
Kf8 22. Re1 g5 0-1

[Event "AUTO-INT-3951"]
[Site "http://www.queenalice.com/game.php?id=1865478"]
[Date "2025.11.12"]
[Round "1"]
[White "AndreTheFrog"]
[Black "Jomaley"]
[Result "1-0"]
[WhiteElo "1777"]
[BlackElo "1446"]

1. e4 e5 2. Nf3 Bd6 3. Nc3 c6 4. d3 Qf6 5. Bg5 Qe6 6. Be2 h6 7. Bh4 Bb4 8. O-O
g5 9. Bg3 d6 10. a3 Bxc3 11. bxc3 g4 12. Nh4 h5 13. d4 exd4 14. Qxd4 Nf6 15. Nf5
O-O 16. Bc4 d5 17. Be5 dxc4 18. Bxf6 Nd7 19. Ng7 Nxf6 20. Nxe6 Bxe6 21. Qxf6
Rad8 22. Rad1 Rxd1 23. Rxd1 g3 24. Qg5+ 1-0

[Event "AUTO-INT-3951"]
[Site "http://www.queenalice.com/game.php?id=1865491"]
[Date "2025.11.12"]
[Round "1"]
[White "AndreTheFrog"]
[Black "SGF"]
[Result "0-1"]
[WhiteElo "1771"]
[BlackElo "1773"]

1. e4 e5 2. d4 Qf6 3. dxe5 Qxe5 4. Nc3 Bb4 5. Bd2 Bxc3 6. Bxc3 Qxe4+ 7. Qe2
Qxe2+ 8. Bxe2 Nf6 9. O-O-O O-O 10. Bxf6 gxf6 11. Nf3 Nc6 12. Rhe1 Nb4 13. a3 Nc6
14. Nd4 Nxd4 15. Rxd4 d6 16. Bg4 Bxg4 17. Rxg4+ Kh8 18. Re7 Rae8 19. Rge4 Rxe7
20. Rxe7 b5 21. Rxc7 Re8 22. Kd2 a5 23. Rxf7 Re6 24. f4 Kg8 25. Rb7 Re4 26. Rxb5
Rxf4 27. Ke3 Rh4 28. h3 a4 29. b4 Kg7 30. c4 Rxc4 31. Rb7+ Kg6 32. Kd3 Rc1 33.
Ra7 Rg1 34. g4 Rg3+ 35. Kd4 Rxa3 36. b5 Ra1 37. Kd5 a3 38. Kxd6 a2 39. Kc7 Rc1+
40. Kb7 a1=Q 41. Rxa1 Rxa1 42. b6 Ra3 43. Kc8 Rxh3 44. b7 Rb3 45. b8=Q Rxb8+ 0-1

[Event "AUTO-INT-3951"]
[Site "http://www.queenalice.com/game.php?id=1865492"]
[Date "2025.11.12"]
[Round "1"]
[White "SGF"]
[Black "AndreTheFrog"]
[Result "0-1"]
[WhiteElo "1757"]
[BlackElo "1758"]

1. e4 e5 2. Qf3 Nf6 3. d3 Nc6 4. c3 d6 5. Be2 Bg4 6. Qg3 Qd7 7. Bxg4 Nxg4 8. f3
Nf6 9. h4 Nh5 10. Qg4 Qxg4 11. fxg4 Nf4 12. Bxf4 exf4 13. Nd2 O-O-O 14. Ndf3 h6
15. Nh3 g5 16. hxg5 Ne5 17. Nxe5 dxe5 18. gxh6 Bxh6 19. O-O Rxd3 20. g5 Bg7 21.
Nf2 Rg3 22. Rad1 f3 23. Rfe1 Rxg2+ 24. Kf1 Rhh2 25. Rd2 Rh1+ 26. Nxh1 Rxd2 27.
b4 Rxa2 28. Re3 Ra1+ 29. Re1 Rxe1+ 30. Kxe1 Bf8 31. Kf2 Be7 32. Kxf3 Bxg5 33.
Kg4 Bd2 34. Kf5 Bxc3 35. Kf6 Bxb4 36. Kxe5 Bc3+ 37. Kd5 a5 38. Nf2 c6+ 39. Kd6
Kd8 40. e5 Bb4# 0-1

[Event "AUTO-INT-3951"]
[Site "http://www.queenalice.com/game.php?id=1865493"]
[Date "2025.11.12"]
[Round "1"]
[White "AndreTheFrog"]
[Black "Carlos19"]
[Result "1-0"]
[WhiteElo "1732"]
[BlackElo "1584"]

1. e4 e5 2. Nf3 Nc6 3. Bb5 d6 4. d4 a6 5. Ba4 b5 6. Bb3 h6 7. O-O Bg4 8. Qd2
Bxf3 9. gxf3 exd4 10. Bd5 Qd7 11. c4 dxc3 12. Qxc3 Nf6 13. Bxc6 d5 14. Bxd7+
Kxd7 15. Bf4 c6 16. Qe5 Ra7 17. Qb8 Ke6 18. Qxa7 dxe4 19. Nc3 exf3 20. Rfe1+ Kf5
21. Qxf7 Kg4 22. Qg6+ Kxf4 23. Qg3+ Kf5 24. Re5# 1-0

[Event "AUTO-INT-3951"]
[Site "http://www.queenalice.com/game.php?id=1865494"]
[Date "2025.11.12"]
[Round "1"]
[White "Carlos19"]
[Black "AndreTheFrog"]
[Result "1-0"]
[WhiteElo "1682"]
[BlackElo "1755"]

1. e4 e5 2. Nf3 Nc6 3. Bc4 Nf6 4. d3 Bc5 5. h3 h6 6. Nc3 O-O 7. O-O a6 8. Nd5 b5
9. Bb3 Na5 10. Nxf6+ Qxf6 11. a4 Nxb3 12. cxb3 c6 13. axb5 cxb5 14. Bd2 Bb7 15.
b4 Bb6 16. Qe2 Rfe8 17. Bc3 d6 18. Nh4 Qxh4 19. Qg4 Qxg4 20. hxg4 Bd4 21. Bxd4
exd4 22. f4 d5 23. e5 Bc8 24. g5 hxg5 25. fxg5 Rxe5 26. Rf4 Rxg5 27. Kf2 1-0

[Event "AUTO-INT-3952"]
[Site "http://www.queenalice.com/game.php?id=1865803"]
[Date "2025.11.19"]
[Round "1"]
[White "maurice916"]
[Black "AndreTheFrog"]
[Result "1-0"]
[WhiteElo "1894"]
[BlackElo "1783"]

1. Nf3 d5 2. b3 c5 3. Bb2 Nf6 4. e3 Nc6 5. Bb5 Bd7 6. O-O e6 7. d4 a6 8. Be2 Be7
9. c4 O-O 10. Nc3 h6 11. cxd5 exd5 12. Re1 Re8 13. dxc5 Bxc5 14. Qc2 Nb4 15. Qd2
Ne4 16. Nxe4 dxe4 17. Nd4 Qb6 18. a3 Nc6 19. Nxc6 Bxc6 20. Qc3 f6 21. Rad1 Red8
22. Bc4+ Kh8 23. b4 Rxd1 24. Rxd1 Rd8 25. Rxd8+ Qxd8 26. Be2 Bb6 27. Bh5 Qd5 28.
h3 Qxh5 29. Qd2 Bc7 30. Qc2 Be5 31. Bc1 Bb5 32. Qc8+ Kh7 33. g3 Qxh3 34. Qxh3
1-0

[Event "AUTO-INT-3952"]
[Site "http://www.queenalice.com/game.php?id=1865804"]
[Date "2025.11.19"]
[Round "1"]
[White "AndreTheFrog"]
[Black "maurice916"]
[Result "0-1"]
[WhiteElo "1729"]
[BlackElo "1838"]

1. e4 c6 2. c4 d5 3. exd5 cxd5 4. d4 Nf6 5. Nc3 a6 6. Nf3 Bg4 7. Be2 e6 8. O-O
dxc4 9. Qa4+ Nbd7 10. Qxc4 Be7 11. h3 Bh5 12. Bf4 O-O 13. Rad1 b5 14. Qd3 Bg6
15. Qd2 b4 16. Na4 a5 17. Bd3 Ne4 18. Bxe4 Bxe4 19. Qe3 Bc6 20. Nc5 Qb6 21. Nxd7
Bxd7 22. Ne5 Bb5 23. Nd7 Bxd7 0-1

[Event "AUTO-INT-3952"]
[Site "http://www.queenalice.com/game.php?id=1865819"]
[Date "2025.11.19"]
[Round "1"]
[White "TammieM3ENF"]
[Black "AndreTheFrog"]
[Result "0-1"]
[WhiteElo "1480"]
[BlackElo "1715"]

1. d4 d5 2. c3 Nf6 3. e3 e5 4. b4 exd4 5. exd4 Bg4 6. f3 Bf5 7. c4 Bxb4+ 8. Bd2
Qe7+ 9. Be2 O-O 10. a3 Bd6 11. cxd5 Nxd5 12. Nc3 Nxc3 13. Bxc3 Qh4+ 14. g3 Bxg3+
15. hxg3 Qxh1 16. d5 Qxg1+ 17. Bf1 Re8+ 18. Kd2 Qe3# 0-1

[Event "AUTO-INT-3952"]
[Site "http://www.queenalice.com/game.php?id=1865820"]
[Date "2025.11.19"]
[Round "1"]
[White "AndreTheFrog"]
[Black "TammieM3ENF"]
[Result "1-0"]
[WhiteElo "1723"]
[BlackElo "1515"]

1. e4 e5 2. f4 f6 3. Nc3 g5 4. Qh5+ Ke7 5. Nd5+ Kd6 6. c4 f5 7. fxe5+ Kxe5 8.
Nf3+ Kd6 9. c5+ Kxc5 10. d4+ Kd6 11. Bxg5 fxe4 12. Bxd8 exf3 13. Bb5 c6 14. Qe5#
1-0

[Event "AUTO-INT-3953"]
[Site "http://www.queenalice.com/game.php?id=1866317"]
[Date "2025.11.28"]
[Round "1"]
[White "AndreTheFrog"]
[Black "Erlofabr"]
[Result "0-1"]
[WhiteElo "1683"]
[BlackElo "1625"]

1. e4 e5 2. Bc4 Qh4 3. Qf3 Nf6 4. Qb3 Qxe4+ 5. Ne2 d5 6. Nc3 Qxg2 7. Rg1 Qxh2 8.
Nxd5 Ne4 9. Nxc7+ Kd8 10. Qd3+ Nd6 11. Qd5 e4 12. d3 Be6 0-1

[Event "AUTO-INT-3953"]
[Site "http://www.queenalice.com/game.php?id=1866318"]
[Date "2025.11.28"]
[Round "1"]
[White "Erlofabr"]
[Black "AndreTheFrog"]
[Result "1-0"]
[WhiteElo "1605"]
[BlackElo "1703"]

1. f4 d5 2. Nf3 Nf6 3. c4 e6 4. Nc3 Nc6 5. a3 Bc5 6. b4 Bd6 7. e3 a6 8. b5 Ne7
9. cxd5 exd5 10. Qa4 O-O 11. Bd3 Bd7 12. Qc2 h6 13. e4 Bxf4 14. e5 1-0

[Event "AUTO-INT-3953"]
[Site "http://www.queenalice.com/game.php?id=1866319"]
[Date "2025.11.28"]
[Round "1"]
[White "AndreTheFrog"]
[Black "Jomaley"]
[Result "1-0"]
[WhiteElo "1780"]
[BlackElo "1443"]

1. e4 e5 2. Bc4 Nh6 3. d3 Qf6 4. Nf3 Bb4+ 5. c3 Be7 6. Bg5 Qg6 7. Bxh6 gxh6 8.
O-O d5 9. Bxd5 Bh3 10. Bxf7+ Kxf7 11. Nxe5+ Kg7 12. Nxg6 Kxg6 13. gxh3 Rg8 14.
Kh1 Nc6 15. Rg1+ 1-0

[Event "AUTO-INT-3953"]
[Site "http://www.queenalice.com/game.php?id=1866321"]
[Date "2025.11.28"]
[Round "1"]
[White "AndreTheFrog"]
[Black "renet54"]
[Result "0-1"]
[WhiteElo "1647"]
[BlackElo "1633"]

1. e4 d6 2. d4 Nf6 3. Nc3 h6 4. Nf3 e5 5. Bc4 Bg4 6. d5 Be7 7. O-O Nbd7 8. Be3
Qc8 9. Bb5 O-O 10. h3 Bxh3 11. gxh3 Re8 12. Ne2 Nc5 13. Bxe8 Qxe8 14. Bxc5 dxc5
15. Ng3 Qb5 16. b3 Rd8 17. c4 Qd7 18. Nxe5 Qxh3 19. Nf5 Bd6 20. Nxd6 cxd6 21.
Qf3 Qc8 0-1

[Event "AUTO-INT-3953"]
[Site "http://www.queenalice.com/game.php?id=1866322"]
[Date "2025.11.28"]
[Round "1"]
[White "renet54"]
[Black "AndreTheFrog"]
[Result "1-0"]
[WhiteElo "1615"]
[BlackElo "1665"]

1. d4 d5 2. Nc3 Nf6 3. Nf3 g6 4. Bf4 Bg7 5. e3 O-O 6. Be2 c5 7. O-O Nc6 8. dxc5
Re8 9. Bb5 a6 10. Bxc6 bxc6 11. Na4 Ne4 12. c4 Bg4 13. h3 Bxf3 14. Qxf3 Nd2 15.
Qg3 Nxf1 16. Rxf1 e5 17. Bg5 f6 18. cxd5 fxg5 19. dxc6 e4 20. c7 Qf6 21. Nb6
Rac8 22. Nxc8 1-0